Impact of accelerated mobile pages format on corporate web sites

Skúmanie dostupných metód mobilnej optimalizácie a možností implementácie formátov mobilných stránok na firemných webových stránkach. Otázka aplikácie pre firemný marketing na príkladoch krajín V4.

Guardado en:
Detalles Bibliográficos
Autor principal: Miklošík, Andrej
Otros Autores: Červenka, Peter, 1976-, Hlavatý, Ivan, 1978-
Formato: Capítulo de libro
Lenguaje:inglés
Materias:
Etiquetas: Agregar Etiqueta
Sin Etiquetas, Sea el primero en etiquetar este registro!

MARC

LEADER 00000nla a2200000 4500
001 0229554
005 20240502073758.4
041 0 |a eng 
044 |a SK 
245 1 0 |a Impact of accelerated mobile pages format on corporate web sites  |c Andrej Miklošík, Peter Červenka, Ivan Hlavatý 
520 |a Skúmanie dostupných metód mobilnej optimalizácie a možností implementácie formátov mobilných stránok na firemných webových stránkach. Otázka aplikácie pre firemný marketing na príkladoch krajín V4. 
610 2 0 |a telefón mobilný 
610 2 0 |a marketing 
610 2 0 |a marketing elektronický 
610 2 0 |a technológie informačné 
610 2 0 |a technológie komunikačné 
610 2 0 |a technológie nové 
100 1 |a Miklošík, Andrej 
700 1 |a Červenka, Peter, 1976- 
700 1 |a Hlavatý, Ivan, 1978-